Educar para la política /
Con motivo de la solemnidad de San Ambrosio, el 5 de diciembre de 1987 el cardenal arzobispo de Milán emitió una serie de discursos con las prerregotivas: ¿es posible para un cristiano hacer política?; ¿cuál es la educación para la política?; y ¿cuál es la tarea de la Iglesia local?
Guardat en:
| Autor principal: | |
|---|---|
| Format: | Llibre |
| Idioma: | espanyol |
| Publicat: |
México :
Instituto Mexicano de Doctrina Social Cristiana
1991
|
| Col·lecció: | (Doctrina Social Cristiana ;
22) |
| Matèries: | |
| Etiquetes: |
Sense etiquetes, Sigues el primer a etiquetar aquest registre!
|
MARC
| LEADER | 00000nam^a2200000^a^4500 | ||
|---|---|---|---|
| 001 | 000186560 | ||
| 005 | 20250521000000.0 | ||
| 009 | 20260310102229.923 | ||
| 037 | |a Acervo ITESO - Biblioteca | ||
| 041 | |a ESP | ||
| 082 | |a 261. 7 |b MAR | ||
| 100 | |a Martini, Carlo Maria |e (autor) | ||
| 240 | 1 | 1 | |a [Educar para la política] |
| 245 | 1 | 0 | |a Educar para la política / |c C.M. Martini ; tr. por Xóchitl P. de Angilella. |
| 264 | 1 | |a México : |b Instituto Mexicano de Doctrina Social Cristiana |c 1991 | |
| 300 | |a 23 p. | ||
| 336 | |a texto |b txt |2 rdacontenido | ||
| 337 | |a sin mediación |b n |2 rdamedio | ||
| 338 | |a volumen |b nc |2 rdasoporte | ||
| 440 | 1 | |a (Doctrina Social Cristiana ; |v 22) | |
| 500 | |a Traducción de: Educare alla politica | ||
| 520 | |a Con motivo de la solemnidad de San Ambrosio, el 5 de diciembre de 1987 el cardenal arzobispo de Milán emitió una serie de discursos con las prerregotivas: ¿es posible para un cristiano hacer política?; ¿cuál es la educación para la política?; y ¿cuál es la tarea de la Iglesia local? | ||
| 649 | |a XX | ||
| 650 | |a Iglesia y Estado | ||
| 650 | |a Iglesia Católica | ||
| 650 | |a Teología Social | ||
| 650 | |a Catolicismo | ||
| 650 | |a Cristianismo y Política - |x Tema Principal | ||
| 650 | |a Cristianismo y Sociedad | ||
| 650 | |a Educación y Política | ||
| 650 | |a Política y Religión | ||
| 910 | |a Fondo General | ||
| 920 | |a Impresos - Libros | ||
| 930 | |a Colección General | ||
| 905 | |a 101 | ||
| 901 | |a 0500128327 |b IT1 |c ACC |u 20250521 | ||
| 902 | |a https://opac.biblio.iteso.mx/vufind/Record/000186560 | ||